|
|
|
|
| LEADER |
00000nam a22000007a 4500 |
| 005 |
20201204111125.0 |
| 007 |
cr|||| |||| |
| 008 |
201204s2012 co |||||s|||| 00||0 spa d |
| 020 |
|
|
|a 978-958-716-522-7
|
| 035 |
|
|
|a 32320
|
| 040 |
|
|
|a vLex
|
| 090 |
|
|
|c 10922
|d 10922
|
| 100 |
1 |
|
|a Samper, Mario
|
| 245 |
1 |
0 |
|a Crisis y transformaciones del mundo del caf ̌
|h [Recurso electrn̤ico] :
|b Dinm̀icas locales y estrategias nacionales en un periodo de adversidad e incertidumbre /
|c Mario Samper, Steven Topik
|
| 256 |
|
|
|a Servicio en ln̕ea
|
| 260 |
|
|
|a Bogot:̀
|b Pontificia Universidad Javeriana,
|c 2012
|
| 300 |
|
|
|a 1 recurso electrn̤ico
|
| 500 |
|
|
|a La polt̕ica local, nacional e internacional juega un papel casi tan importante en el x̌ito del caf ̌como el clima y las tčnicas del caficultor. Este libro se ocupa del mundo del caf ̌en los tiempos actuales, cuando los productores han tenido que enfrentar situaciones de crisis suscitadas por las vicisitudes del mercado mundial y de las instituciones internacionales y nacionales que regulan o han dejado de regular el mercado del grano.
|
| 506 |
1 |
|
|a Disponible solo en los productos indicados
|d vLex Global
|d vLex Global (Academic Edition, excluding Law Schools)
|d vLex Global (U.S. Academic Edition, Law Schools)
|d vLex Global (U.S. Academic Edition, excluding Law Schools)
|d vLex Global (Academic Edition, Law Schools)
|
| 650 |
0 |
4 |
|a Economa̕ y negocios
|z Colombia
|
| 650 |
0 |
4 |
|a Ciencias sociales
|z Colombia
|
| 650 |
0 |
4 |
|a Humanidades
|z Colombia
|
| 700 |
1 |
|
|a Topik, Steven
|
| 740 |
0 |
|
|a vLex Libros (Servicio en ln̕ea)
|
| 856 |
4 |
0 |
|u http://vlex.com/source/crisis-y-transformaciones-del-mundo-del-cafe-dinamicas-locales-y-estrategias-nacionales-en-un-periodo-de-adversidad-e-incertidumbre-32320
|z Acceso restringido
|
| 942 |
|
|
|c BOOK
|
| 999 |
0 |
|
|a Economy and business
|
| 999 |
0 |
|
|a Social Sciences
|
| 999 |
0 |
|
|a Humanities
|